000 00425nam a2200145Ia 4500
008 230917s9999||||xx |||||||||||||| ||und||
040 _e41929
_aMAIN
041 _aEnglish
082 _a820.9 G376M
100 _aGilbert, Sandra M
245 0 _aMadwoman in the aattic: The woman writer and the 19th-century literary imagination
260 _aNew Haven
_bYale University Press
_c1978
300 _axiv, 719 p.
942 _cBK
999 _c216566
_d216566